| 000 | 00847nam a2200253Ia 4500 | ||
|---|---|---|---|
| 003 | OSt | ||
| 005 | 20220918171259.0 | ||
| 006 | a|||||r|||| 00| 0 | ||
| 007 | ta | ||
| 008 | 220917b |||||||| |||| 00| 0 eng d | ||
| 020 |
_a9781462508297 (hbk) _c2186.80 |
||
| 024 | _a281,455 | ||
| 037 |
_b11402, 18/02/2014, Elite Publishers Distributors _cTextual |
||
| 040 |
_aARTS _cARTS _beng |
||
| 041 |
_2eng _aeng |
||
| 082 | _aS1:52, Q3 | ||
| 100 |
_aSoutham Gerow Michael A _935357 |
||
| 245 | 0 |
_aEmotion regulation in children and adolescents and adolescents _b A practitioner's guide |
|
| 260 |
_aNew York _bThe Guilford Press USA _c2013 |
||
| 300 |
_ax,254p. _ccm. |
||
| 650 | _aPSYCHOLOGY | ||
| 942 |
_hS1:52, Q3 _cTEXL _2CC |
||
| 999 |
_c138756 _d138756 |
||